000 00560nac a22001931u 4500
020 _a007463643x
020 _a007463643x
082 0 0 _a621
090 _c824
_d824
100 _a20080729
245 1 0 _aMechatronics /
260 _aNew Delhi :
_bTata McGraw-Hill,
_cc2004.
300 _a461 p. :
_bill. ;
_c25 cm.
500 _aIncludes index.
650 0 _aMechatronics.
710 _aH M T
942 _cBB
_k621
999 _c824
_d824